000 01680naa a22003737a 4500
001 BR8401027
003 BR-BrBNA
005 20250721154431.0
007 ta
008 250630b bl.|||m| |||| 00| 0 por d
040 _aBR-BrBNA
_bpor
_cBiblioteca Nacional de Agricultura
041 _a(Pt)
072 _aL30; L10
_b5300
090 _aL30 BR8401027
100 1 _aRoppa, L.
111 1 _a3. Simposio do Centro Nacional de Pesquisa de Suinos e Aves; 2. Simposio Catarinense de Sanidade Suina
_cConcordia, SC (Brazil)
_d7-11 Nov 1983
245 1 _aInfluencia de fatores nutricionais sobre a eficiencia reprodutiva da femea [suino]
246 1 _a[Influence of nutritional factors on female reproductive efficiency [swine]]
246 1 _a[Annals of the 3. Symposium of the National Center of Swine and Poultry Research and of the 2. Swine Health Symposium of Santa Catarina]
500 _aAnais do 3. Simposio do Centro Nacional de Pesquisa de Suinos e Aves e do 2. Simposio Catarinense de Sanidade Suina Concordia, SC (Brasil): 1983. p. 166-196 [24 tables; 18 ref.; Summary (Pt)] (BR8401027-AMS)
773 0 _tAnais do 3. Simposio do Centro Nacional de Pesquisa de Suinos e Aves e do 2. Simposio Catarinense de Sanidade Suina
_wL30 BR8401027
_gConcordia, SC (Brasil), 1983. p. 166-196
650 _aSUINO
650 _aFEMEA
650 _aEFICIENCIA REPRODUTIVA
650 _aNUTRICAO ANIMAL
650 _aMANEJO
650 _aPRENHEZ
650 _aDESMAMA
650 _aRACAO
650 _aCONSUMO
490 _aDocumentos - Centro Nacional de Pesquisa de Suinos e Aves (Brazil)
_vno. 7
942 _cAMS
_2AGRIS
909 _a202506
_bLúcia
_c55
_dLúcia Elande
999 _c334736
_d334736